Every Manchester United Goal Scorer in the 2000/01 Premier League - Statistics

General Stats
  • This quiz has been taken 14 times
  • The average score is 61 of 76
Answer Stats
Game Scorer % Correct
Ipswich Town (A) Beckham
93%
West Ham United (A) Beckham
93%
Bradford City (H) Beckham
93%
Chelsea (H) Beckham
93%
Leeds United (H) Beckham
93%
Coventry City (A) Beckham
93%
Manchester City (A) Beckham
93%
Newcastle United (A) Beckham
93%
Middlesbrough (A) Beckham
93%
Newcastle United (H) Cole
93%
West Ham United (A) Cole
93%
Bradford City (H) Cole
93%
Southampton (H) Cole
93%
Southampton (H) Cole
93%
Coventry City (A) Cole
93%
Sunderland (A) Cole
93%
Chelsea (A) Cole
93%
Charlton Athletic (H) Cole
93%
Everton (A) Giggs
93%
Charlton Athletic (A) Giggs
93%
Bradford City (A) Giggs
93%
Coventry City (H) Giggs
93%
Southampton (A) Giggs
93%
Aston Villa (H) G. Neville
93%
Middlesbrough (A) P. Neville
93%
Sunderland (H) Scholes
93%
Sunderland (H) Scholes
93%
Chelsea (H) Scholes
93%
Tottenham Hotspur (H) Scholes
93%
Coventry City (H) Scholes
93%
Tottenham Hotspur (A) Scholes
93%
Everton (A) Butt
86%
Middlesbrough (H) Butt
86%
Derby County (A) Butt
86%
Charlton Athletic (A) Keane
86%
Arsenal (H) Keane
86%
Leeds United (H) Yorke
86%
Derby County (A) Yorke
86%
West Ham United (H) Yorke
86%
Arsenal (H) Yorke
86%
Arsenal (H) Yorke
86%
Arsenal (H) Yorke
86%
Leicester City (H) Yorke
86%
Coventry City (H) Yorke
86%
Coventry City (H) Yorke
86%
Bradford City (H) Sheringham
79%
Bradford City (H) Sheringham
79%
Sunderland (H) Sheringham
79%
Chelsea (H) Sheringham
79%
Leicester City (A) Sheringham
79%
Leicester City (A) Sheringham
79%
Southampton (H) Sheringham
79%
Southampton (H) Sheringham
79%
Southampton (H) Sheringham
79%
Middlesbrough (H) Sheringham
79%
Derby County (A) Sheringham
79%
Bradford City (A) Sheringham
79%
Aston Villa (H) Sheringham
79%
Arsenal (H) Sheringham
79%
Manchester City (H) Sheringham
79%
Newcastle United (H) Johnsen
64%
Everton (A) Solskjaer
64%
Leicester City (A) Solskjaer
64%
Tottenham Hotspur (H) Solskjaer
64%
Charlton Athletic (A) Solskjaer
64%
Ipswich Town (H) Solskjaer
64%
Ipswich Town (H) Solskjaer
64%
Aston Villa (A) Solskjaer
64%
West Ham United (H) Solskjaer
64%
Arsenal (H) Solskjaer
64%
Charlton Athletic (H) Solskjaer
64%
Leicester City (H) Silvestre
57%
Bradford City (H) Fortune
36%
Bradford City (H) Fortune
36%
Bradford City (A) Chadwick
14%
Leeds United (A) Chadwick
14%
No matching quizzes found
Score Distribution
Percent of People with Each Score
Percentile by Number Answered
Your Score History
You have not taken this quiz